Top 200 U.S. Cities by Population -- EXTREME - Statistics

General Stats
  • This quiz has been taken 173 times
    142 since last reset
  • The average score is 130 of 200
Answer Stats
Population State(s) City % Correct
7,637,387 TX-OK Dallas
100%
13,200,998 CA Los Angeles
100%
9,618,502 IL-IN-WI Chicago
99%
7,122,240 TX Houston
99%
2,963,821 CO Denver
98%
2,265,461 NV-AZ Las Vegas
98%
6,138,333 FL Miami
98%
20,140,470 NY-NJ-CT-PA New York City
97%
1,257,936 UT Salt Lake City
97%
3,298,634 CA San Diego
97%
4,018,762 WA Seattle
97%
6,089,815 GA-AL Atlanta
96%
1,989,519 TN Nashville
96%
1,425,695 OK Oklahoma City
96%
6,245,051 PA-NJ-DE-MD Philadelphia
96%
4,845,832 AZ Phoenix
96%
2,512,859 OR-WA Portland
96%
551,740 ME Portland
96%
6,385,162 DC-MD-VA-WV-PA Washington D.C.
96%
4,392,041 MI Detroit
95%
591,978 MS Jackson
95%
1,605,848 FL Jacksonville
95%
1,337,779 TN-MS-AR Memphis
95%
3,690,261 MN-WI Minneapolis
95%
4,749,008 CA San Francisco
95%
3,175,275 FL Tampa
95%
2,283,371 TX Austin
94%
2,192,035 MO-KS Kansas City
94%
2,673,376 FL Orlando
94%
4,941,632 MA-RI-NH-CT Boston
93%
2,111,040 IN Indianapolis
93%
2,660,329 NC-SC Charlotte
92%
2,256,884 OH-KY-IN Cincinnati
92%
1,574,731 WI Milwaukee
92%
1,271,845 LA New Orleans
92%
2,370,930 PA-OH-WV Pittsburgh
92%
1,413,982 NC Raleigh
92%
2,088,251 OH Cleveland
91%
2,138,926 OH Columbus
91%
328,883 GA-AL Columbus
91%
868,859 TX El Paso
91%
2,558,143 TX San Antonio
91%
2,820,253 MO-IL St. Louis
91%
916,528 NM Albuquerque
90%
2,844,510 MD Baltimore
89%
1,166,902 NY Buffalo
89%
1,285,439 KY-IN Louisville
89%
1,314,434 VA Richmond
89%
2,397,382 CA Sacramento
89%
2,000,468 CA San Jose
89%
1,043,433 AZ Tucson
89%
709,466 IA Des Moines
88%
967,604 NE-IA Omaha
88%
1,015,331 OK Tulsa
88%
1,115,289 AL Birmingham
87%
755,105 CO Colorado Springs
87%
748,031 AR Little Rock
87%
764,718 ID Boise
86%
1,016,508 HI Honolulu
86%
870,569 LA Baton Rouge
85%
1,676,579 RI-MA Providence
85%
490,596 NV Reno
85%
799,636 SC Charleston
84%
258,859 WV Charleston
84%
1,008,654 CA Fresno
84%
1,213,531 CT Hartford
84%
680,796 WI Madison
84%
675,966 NC Winston-Salem
84%
829,470 SC Columbia
83%
1,799,674 VA-NC Virginia Beach
82%
647,610 KS Wichita
82%
899,262 NY Albany
81%
611,000 GA-SC Augusta
81%
909,235 CA Bakersfield
80%
386,047 AL Montgomery
80%
1,090,135 NY Rochester
80%
699,162 MA Springfield
80%
475,432 MO Springfield
80%
1,087,592 MI Grand Rapids
79%
433,353 OR Salem
79%
384,298 FL Tallahassee
79%
814,049 OH Dayton
78%
879,773 TN Knoxville
78%
516,811 KY Lexington
78%
585,784 WA Spokane
78%
430,197 AL Mobile
77%
562,647 TN-GA Chattanooga
76%
421,933 TX Corpus Christi
76%
404,798 GA Savannah
76%
776,566 NC Greensboro
75%
646,604 OH Toledo
75%
398,328 AK Anchorage
74%
419,601 IN Fort Wayne
74%
340,217 NE Lincoln
74%
662,057 NY Syracuse
73%
649,903 NC Durham
71%
393,406 LA Shreveport
71%
702,219 OH Akron
69%
321,368 TX Lubbock
69%
4,599,839 CA Riverside
69%
382,971 OR Eugene
68%
591,712 PA Harrisburg
68%
276,730 SD Sioux Falls
68%
957,419 CT Bridgeport
67%
249,843 ND-MN Fargo
67%
671,185 UT Provo
66%
491,723 AL Huntsville
65%
422,937 NH Manchester
65%
233,152 KS Topeka
65%
421,017 TX Brownsville
64%
478,384 LA Lafayette
64%
541,297 MI Lansing
64%
864,835 CT New Haven
64%
978,529 MA-CT Worcester
64%
268,691 TX Amarillo
63%
546,725 AR Fayetteville
63%
520,378 NC Fayetteville
63%
285,905 NC Wilmington
63%
328,268 WI Green Bay
62%
277,547 TX Waco
62%
779,233 CA Stockton
61%
270,876 PA Erie
59%
406,211 MI Flint
59%
928,195 SC Greenville
59%
387,340 NJ Trenton
59%
861,889 PA Allentown
58%
330,758 CO Boulder
58%
359,066 CO Fort Collins
58%
870,781 TX McAllen
58%
372,258 MI Ann Arbor
57%
552,878 CA Modesto
57%
567,559 PA Scranton
57%
267,114 TX Laredo
56%
339,247 FL Gainesville
55%
276,520 IA Cedar Rapids
53%
233,802 GA Macon
53%
668,921 FL Daytona Beach
52%
760,822 FL Fort Myers
52%
338,798 IL Rockford
52%
384,324 IA-IL Davenport
51%
268,674 AL Tuscaloosa
51%
552,984 PA Lancaster
50%
324,501 IN-MI South Bend
50%
694,863 UT Ogden
49%
320,535 TN-KY Clarksville
48%
359,862 WV-KY-OH Huntington
48%
402,391 IL Peoria
48%
541,243 OH-PA Youngstown
48%
294,793 WA Olympia
46%
843,843 CA Oxnard
46%
487,657 FL Port St. Lucie
46%
833,716 FL Sarasota
46%
469,015 NC Asheville
45%
291,638 MN-WI Duluth
45%
314,049 IN-KY Evansville
43%
416,259 MS Gulfport
43%
509,905 FL Pensacola
41%
428,849 PA Reading
41%
244,310 AR-OK Fort Smith
40%
725,046 FL Lakeland
40%
488,863 CA Santa Rosa
40%
487,722 SC-NC Myrtle Beach
37%
697,221 NY Poughkeepsie
37%
315,251 VA Roanoke
37%
292,264 NY Utica
36%
274,534 NJ Atlantic City
35%
397,565 TX Beaumont
35%
475,367 TX Killeen
35%
606,612 FL Melbourne
35%
375,752 FL Naples
35%
268,248 TX College Station
34%
233,479 TX Tyler
34%
261,670 MI Kalamazoo
32%
327,997 SC Spartanburg
30%
256,728 WA Yakima
30%
456,438 PA York
30%
401,574 OH Canton
29%
375,908 FL Ocala
29%
439,035 CA Salinas
28%
473,117 CA Visalia
28%
261,593 VA Lynchburg
27%
448,229 CA Santa Maria
27%
243,147 WI Appleton
24%
328,981 CO Greeley
23%
270,861 CA Santa Cruz
21%
268,555 CT Norwich
19%
453,491 CA Vallejo
19%
418,046 MD-DE Salisbury
18%
303,622 WA Kennewick
17%
281,202 CA Merced
17%
282,424 CA San Luis Obispo
17%
307,614 TN-VA Kingsport
16%
293,844 MD-WV Hagerstown
13%
286,184 TX Longview
11%
275,611 WA Bremerton
9%
247,138 NY Binghampton
8%
365,276 NC Hickory
8%
286,973 FL Crestview
6%
236,209 AZ Prescott Valley
6%
231,767 AL Daphne
5%
No matching quizzes found
Score Distribution
Percent of People with Each Score
Percentile by Number Answered
Your Score History
You have not taken this quiz since the last reset